000 01055cam a2200193 4500
001 WB3819-22
008 020520n2002 000 0 eng u
035 _a(Sirsi) u118056
245 _a'Your region - your choice'
260 _c2002
490 _aCabinet Office Press Release
_v(051/02) 9 May 2002, (2)
520 _aThe white paper on regional governance was published on 9 May 2002 and aims to strenthen regional policy across England with the option of creating elected regional assemblies. Regional assemblies will have specific responsibility for economic development, regeneration, spatial development, housing and transport and should bring decision making closer to the public. "Your region - your choice: revitalising the English Regions" available at http://www.regions.dtlr.gov.uk/governance/whitepaper/index.htm. http://www.cabinet-office.gov.uk/2002/news/020509_yourregion.htm
590 _aWB
650 _aENGLISH REGIONS
650 _aREGIONAL ASSEMBLIES
650 _aDEVOLUTION
690 _aLOCAL GOVERNMENT
942 _n0
999 _c70298
_d70298